La Generalitat de Catalunya a les comarques gironines / report de la Comissaria Delegada
Descripción Física:
117 p., [63] f. de làm. ; 23 cm
Materias:
Catalunya. Comissaria Delegada (Girona)
MARC
| LEADER | 00000nam a2200000Ia 4500 | ||
|---|---|---|---|
| 001 | 9260 | ||
| 008 | 160829s1934 xx 000 0 cat d | ||
| 080 | |a M-3-63 | ||
| 100 | |a Catalunya. Comissaria de Girona |9 24323 | ||
| 245 | |a La Generalitat de Catalunya a les comarques gironines / report de la Comissaria Delegada | ||
| 260 | |a Girona : |b (Tallers gràfics de la Casa d'Assistència i Ensenyament), |c 1934 | ||
| 300 | |a 117 p., [63] f. de làm. ; |c 23 cm | ||
| 650 | |a Catalunya. Comissaria Delegada (Girona) |9 24326 | ||
| 901 | |a Arxiu | ||
| 942 | |n 1 | ||
| 952 | |0 0 |1 0 |4 0 |6 M363 |7 1 |9 43086 |a Arxiu |b Arxiu |d 2016-12-01 |l 0 |o M-3-63 |p 9260 |r 2016-12-01 00:00:00 |w 2016-12-01 |y ARXIU | ||
| 999 | |c 45630 |d 45630 | ||